00643nam a2200217Ia 4500003000400000005001700004008004100021020001500062040001800077041000800095082002000103245007900123250001200202260004100214300002900255650003000284650003300314650003100347700002800378700001900406OSt20241127145106.0210716s1984 xx 000 0 und d a0133824330 cAIMIT LIBRARY aeng a174.4 24bDONT aCase studies in business ethics /cEdited by Thomas Donaldson and Al Gini. a4th ed. aNew Jersey :bPrentice Hall ,c1984. axii,336p. ;bPBc23.7 cm aPollution and environment aEmployee- employer relations aDiversity in the workplace aDonaldson, Thomas., ed. aGini, Al., ed.